Statistics for Jurassic Park/World Franchise Dinosaurs

Click here to take the quiz!

General Stats

  • This quiz has been taken 37 times
    (30 since last reset)
  • The average score is 30 of 48

Answer Stats

HintAnswer% Correct
"Don't move."Tyrannosaurus rex
100%
Jurassic ParkBig long neck that sneezesBrachiosaurus
96%
"Clever girl."Velociraptor
96%
"That's one big pile of shit."Triceratops
92%
Stampede!!!!!!Gallimimus
88%
Look at that cute little baby!!!Stegosaurus
88%
Big sail, big bad.Spinosaurus
84%
Jurassic Park IIICameo dinosaur. Avoid tail at all cost.Ankylosaurus
80%
"No wonder you're extinct."Dilophosaurus
80%
Guess they didn't learn from the last time, did they? Don't mess with DNAs!Indoraptor
76%
Cameo in this one, major in the next onePteranodon
76%
Jurassic World : Fallen KingdomGot smacked by a volcanic bombAllosaurus
72%
Somehow still hunting for food when there's a volcano erupting behind itCarnotaurus
72%
Flying, sharp teeth.Dimorphodon
72%
Chilling in the backgroundParasaurolophus
72%
Jurassic WorldWhole herd got killed for sportApatosaurus
68%
Lurking in the maintenance tunnel.Baryonyx
68%
Verizon Wireless presents...Indominus rex
68%
Poor Zara... she was gonna get married.Mosasaurus
68%
Jurassic World : DominionMalta chaseAtrociraptor
64%
"Joker" of the movie. What a joke.Giganotosaurus
64%
Somehow has the time to lick Owen Grady when there is lava behind itSinoceratops
64%
Smelling pooCeratosaurus
60%
First fully-feathered raptor in the history of Jurassic Franchise.Pyroraptor
60%
Smacked the poor deer to death with one blowTherizinosaurus
60%
Jurassic World : Camp CretaceousPierceKentrosaurus
56%
Destroyed Kayla Watts' PlaneQuetzalcoatlus
56%
Also known as the Sabre-toothed TigerSmilodon
56%
The Lost World : Jurassic ParkLet's go get him, boys!!! Pack power!!!!!!!!Compsognathus
52%
Seen when Alan Grant and Ellie Sattler flown into the Biosyn SanctuaryDreadnoughtus
52%
The long-neck dinosaur that appeared for only a second or twoMamenchisaurus
52%
Friar TuckPachycephalosaurus
52%
There's two now?Scorpios rex
52%
Somehow it reacts to whistles with headbumps and that's how it escapedStygimoloch
52%
R.I.P. Alan Grant's hatDimetrodon
48%
Fighting in the ring in the Maltese black marketLystrosaurus
48%
Appeared in the Biosyn research facility. Small carnivore, fully-feathered.Moros intrepidus
48%
Running away with the humansCorythosaurus
44%
Pretty sure most people didn't even know it was there, but it was there for like two secondsIguanodon
44%
Battle at Big RockA family of three: dad, mom, and the baby.Nasutoceratops
44%
Dominated the docksOuranosaurus
44%
Created using the DNA sample obtained in season oneSpinoceratops
44%
Jurassic World : Camp Creataceous : Hidden AdventureThe only dinosaur that has multiple fates due to the show's interactive natureTarbosaurus
44%
Took over the penthouseMonolophosaurus
40%
Attacked the campers in the reactor coreNothosaurus
40%
Got decapitated (only seen in prologue and extended edition)Oviraptor
40%
Seen in video with Charlotte Lockwood. Also in the Malta black market.Microceratus
36%
Somehow they became the main problem of the movieGiant locust
24%

Score Distribution

Percentile by Number Answered

Percent of People with Each Score

Your Score History

You have not taken this quiz since the last reset